Soils and soil fertility

Bibliographic Details
Main Authors: Troeh, Frederick R. (Author), Thompson, Louis M. [ (Louis Milton)] (Author)
Format: Book
Language:English
Published: Iowa : Blackwell Publishing Ltd , c2005
Edition:6th ed
Subjects:

MARC

LEADER 00000cam a2200000 7i4500
001 0000070021
005 20190506093000.0
008 110123s2005 iau eng
020 |a 081380955X (hbk.) 
020 |a 9780813809557 (hbk.) 
050 0 0 |a S591   |b .T72 2005 
090 0 0 |a S591   |b .T72 2005 
100 1 |a Troeh, Frederick R. ,   |e author 
245 1 0 |a Soils and soil fertility   |c Frederic R. Troeh and Louis M. Thompson 
246 3 0 |a Soils & soil fertility 
250 |a 6th ed 
260 |a Iowa :   |b Blackwell Publishing Ltd ,   |c c2005 
300 |a viii, 489 p. :   |b ill. ;   |c 26 cm. 
504 |a Includes bibliographical references and index 
650 0 |a Soil fertility 
650 0 |a Soil Science 
700 1 |a Thompson, Louis M. [  |q (Louis Milton)] ,   |e author 
999 |a 1000138613   |b Book   |c Reference   |e Tembila Campus 
999 |a 1000138614   |b Book   |c OPEN SHELF (30 DAYS)   |e Tembila Campus 
999 |a 1000138615   |b Book   |c OPEN SHELF (30 DAYS)   |e Tembila Campus 
999 |a 1000172795   |b Book   |c Open Shelf (1 Day)   |e Tembila Campus